000 00763nam a2200253Ia 4500
003 OSt
005 20220927115029.0
006 a|||||r|||| 00| 0
007 ta
008 220926b |||||||| |||| 00| 0 eng d
024 _a70062
037 _cThesis and Dissertations
040 _aRTL
_cRTL
_beng
041 _2eng
_aeng
082 _a"X:51-8b4, K5"
100 _aWasson Chester R
_9390106
245 0 _aResearch analysis for marketing decision
260 _aNY
_bMeredith
_c1965
300 _a"xi, 278p"
_ccm.
490 _a"Appleton-Century-Crofts, Business Series. Ed by Stanley F Teele and David W Ewing"
650 _aMarketing
942 _h"X:51-8b4, K5"
_cCC
999 _c705473
_d705473